The Role of fats in human nutrition /

Guardado en:
Otros Autores: Vergroesen, A. J., (Editor , ed.)
Formato: Libro
Idioma:English
Publicado: London : Academic Press, 1975.
Materias:
Etiquetas: Agregar Etiqueta
Sin Etiquetas, Sea el primero en etiquetar este registro!
LEADER 00953cam a22002775a 4500
001 EIQ.libpla001497
008 760827s1975####enka#####b####001#0#eng#d
005 20061025192116.0
245 0 4 |a The Role of fats in human nutrition /  |c edited by A. J. Vergroesen. 
260 |a London :  |b Academic Press,  |c 1975. 
300 |a xiii, 494 p. :  |b il. ;  |c 24 cm. 
504 |a Incluye referencias bibliográficas e índice. 
020 |a 0127180508 
700 1 |a Vergroesen, A. J.,  |e ed.  |4 edt 
082 0 0 |a 616.3/9 
650 4 |a Lípidos  |x Metabolismo. 
650 4 |a Lípidos  |x Desórdenes. 
650 4 |a Arteriosclerosis  |x Aspectos nutricionales. 
650 4 |a Vitamina E  |x Usos terapéuticos. 
650 4 |a Lipids  |x Metabolism. 
650 4 |a Lipids  |x Disorders. 
650 0 |a Arteriosclerosis  |x Nutritional aspects. 
650 0 |a Vitamin E  |x Therapeutic use. 
010 |a  76372386  
040 |a DLC  |c DLC  |d AR-BbSID 
859 |a AR-BbSID  |b BIB. PLAPIQUI  |h 641.14  |i R 643  |p 4538